000 00526nam a2200181Ia 4500
001 7693
005 20260306160514.0
008 260306t2014||||xx |||||||||||||| ||spa||
041 _aESP
082 _a354.328
_bO65L
100 _aOrganismo de Evaluación y Fiscalización Ambiental
_eAUT
245 0 _aLa fiscalización ambiental en el Perú:
_breflexiones sobre las funciones y atribuciones del OEFA
260 _c2014
300 _a425 páginas :
_c24 cm.
650 _aGEN
654 _aCIA
942 _cLIB
_dJUS
_fJUS
_2ddc
_n
999 _c7693
_d7693